| 000 | 00856nam0a22002651 4500 | ||
|---|---|---|---|
| 001 | rc\4107587 | ||
| 005 | 20250611000639.0 | ||
| 021 |
_aRU _b[51-21450] |
||
| 035 | _a(NLR Aleph) 007977101 | ||
| 090 |
_a8496331 _c8496331 |
||
| 100 | _a20130415d1951 |||y0rusy50 ca | ||
| 101 | 0 | _arus | |
| 102 | _aRU | ||
| 105 | _ac z |||a| | ||
| 200 | 1 |
_aСтихи и песни _f[Предисл. Э. Казакевича |
|
| 210 |
_aВладимир] _cВладимир. обл. изд-во _d1951 |
||
| 215 |
_a67 с., 1 л. портр. _cпортр. _d13 |
||
| 700 | 1 |
_aНазаров _bИ. А. _cпоэт _f1878-1962 _gИван Абрамович _9214895 _3RU\NLR\AUTH\770214951 |
|
| 702 | 1 |
_aКазакевич _bЭ. _4080 |
|
| 801 | 0 |
_aRU _bNLR _gpsbo |
|
| 801 | 1 |
_aRU _bELAR _2rusmarc |
|
| 852 |
_aNLR _jЛ30 Г-2/2502 |
||
| 942 | _cBOOK | ||
| 980 | _aNB | ||